[Event "Bergen Sommer GP"]
[Site "Bergen"]
[Date "2013.08.04"]
[Round "5"]
[White "Barane, Simon"]
[Black "Opdahl, Andreas"]
[Result "0-1"]
[WhiteElo "1837"]
[BlackElo "1748"]
[PlyCount "28"]
[EventDate "2013.08.02"]
[EventType "swiss"]
[EventRounds "5"]
[EventCountry "NOR"]
[SourceTitle "EXT 2024"]
[Source "ChessBase"]
[SourceDate "2023.10.10"]
[SourceVersion "1"]
[SourceVersionDate "2023.10.10"]
[SourceQuality "1"]

1. e4 d6 2. d4 Nf6 3. Nc3 g6 4. f3 c6 5. Be3 b5 6. a3 Nbd7 7. Nh3 Qc7 8. d5 a6 9. dxc6 Qxc6 10. Qd2 Bg7 11. Bh6 0-0 12. Nf2 Ne5 13. h4 Be6 14. g4 Nxf3+ 0-1

[Event "Bergen Sommer GP"]
[Site "Bergen"]
[Date "2013.08.02"]
[Round "1"]
[White "Opdahl, Andreas"]
[Black "Skoien, Havard"]
[Result "0-1"]
[WhiteElo "1748"]
[BlackElo "2005"]
[PlyCount "82"]
[EventDate "2013.08.02"]
[EventType "swiss"]
[EventRounds "5"]
[EventCountry "NOR"]
[SourceTitle "EXT 2024"]
[Source "ChessBase"]
[SourceDate "2023.10.10"]
[SourceVersion "1"]
[SourceVersionDate "2023.10.10"]
[SourceQuality "1"]

1. e4 c5 2. Nf3 e6 3. d3 Nc6 4. g3 d5 5. Nbd2 Bd6 6. Bg2 Nge7 7. 0-0 0-0 8. c3 Bd7 9. Re1 Qc7 10. Nf1 b5 11. Qe2 f6 12. d4 cxd4 13. cxd4 dxe4 14. Qxe4 Nd5 15. Bd2 Rae8 16. Rac1 Qb6 17. Ne3 Ncb4 18. a3 f5 19. Qb1 Nxe3 20. fxe3 Nd5 21. e4 fxe4 22. Qxe4 Nf6 23. Qd3 Bc6 24. Rxc6 Qxc6 25. Ng5 Qc4 26. Qxc4 bxc4 27. Nxe6 Rf7 28. Bf1 Rc8 29. Rc1 Ne4 30. Bf4 Bxf4 31. Nxf4 Nd6 32. Bh3 Nf5 33. Nd5 g6 34. Bf1 Nxd4 35. Kg2 Rcf8 36. Bxc4 Rf2+ 37. Kh3 Kg7 38. Rd1 Nf3 39. Nf4 Rxh2+ 40. Kg4 Ne5+ 41. Kg5 h6# 0-1

[Event "NOR-ch Class1"]
[Site "Lillehammer"]
[Date "2013.06.29"]
[Round "5"]
[White "Theting, Helge E"]
[Black "Opdahl, Andreas"]
[Result "1-0"]
[WhiteElo "1990"]
[BlackElo "1871"]
[PlyCount "65"]
[EventDate "2013.06.29"]
[EventType "swiss"]
[EventRounds "9"]
[EventCountry "NOR"]
[SourceTitle "EXT 2015"]
[Source "ChessBase"]
[SourceDate "2014.11.20"]
[SourceVersion "1"]
[SourceVersionDate "2014.11.20"]
[SourceQuality "1"]

1. Nf3 Nf6 2. g3 g6 3. Bg2 Bg7 4. 0-0 0-0 5. d3 d6 6. e4 c6 7. Nbd2 e5 8. Nc4 b5 9. Ne3 a6 10. h3 Nbd7 11. Nh2 Nh5 12. Nf5 Ndf6 13. Nxg7 Nxg7 14. f4 Nfe8 15. g4 Bd7 16. f5 f6 17. h4 Nc7 18. c4 Qe7 19. Be3 g5 20. hxg5 fxg5 21. Qf3 Qf6 22. Kf2 Kf7 23. Rh1 Rh8 24. Nf1 h6 25. Ng3 c5 26. Nh5 Nxh5 27. Rxh5 Kg7 28. Rah1 Be8 29. Bxg5 Qxg5 30. Rxg5+ hxg5 31. f6+ Kg8 32. Rxh8+ Kxh8 33. f7 1-0